| 000 | 00409nam a2200145Ia 4500 | ||
|---|---|---|---|
| 008 | 240729s9999 xx 000 0 und d | ||
| 022 | _a2005-0399 | ||
| 245 | 0 | _aJournal of Gynecologic Oncology | |
| 260 | _aKorea, Republic of | ||
| 260 | _bAsian Society of Gynecologic Oncology | ||
| 650 | _aMedicine | ||
| 856 | _uhttps://doaj.org/toc/33da4148ff2f4a4287fafee6f41ab6a4 | ||
| 942 | _2ddc | ||
| 942 | _cDOAJEJ | ||
| 999 |
_c74866 _d74866 |
||
| 945 |
_a1 _bMadushi Gamage _c1 _dMadushi Gamage |
||